| 000 | 00508nam a22001697a 4500 | ||
|---|---|---|---|
| 003 | MACL | ||
| 005 | 20160128170604.0 | ||
| 008 | 160128b xxu||||| |||| 00| 0 eng d | ||
| 040 | _cMACL | ||
| 041 | _aHindi | ||
| 082 | _a540/SHA | ||
| 100 |
_aडॉ बी के शर्मा _935109 |
||
| 245 | _aवस्तुनिष्ठ प्रशन बैंक रसायन विज्ञान | ||
| 260 |
_aMeerut _bKrishna Prakashan Media |
||
| 650 |
_aChemistry _935110 |
||
| 942 |
_2ddc _cHIN |
||
| 999 |
_c52888 _d52888 |
||